تحميل...
വയനാട് രേഖകള്/
എടയ്ക്കല് ഗുഹാചിത്രങ്ങളുടെയും പെരുങ്കല് പരിഷ്കൃതിയുടെയും ജൈനസംസ്കൃതിയുടെയും കാലംമുതല് ഫ്യൂഡല്-കൊളോണിയല് വാഴ്ചക്കാലം വരെയുള്ള വയനാടിനെക്കുറിച്ച്, പുതിയ ചരിത്ര-പുരാവസ്തു ഗവേഷണഫലങ്ങളുടെ വെളിച്ചത്തില് എഴുതപ്പെട്ട പുസ്തകം. പലപ്പോഴും ഒരു പ്രദേശമോ ഒരു കാലഘട്ടമോ മുഴുവനോടെ കൈകാര്യം ചെയ്യേണ്ടിവരുന്ന...
| المؤلف الرئيسي: | |
|---|---|
| التنسيق: | Printed Book |
| اللغة: | English |
| منشور في: |
കോഴിക്കോട് :
മാതൃഭൂമി,
2019.
|
| الطبعة: | 8th ed. |
| LEADER | 03171nam a22001697a 4500 | ||
|---|---|---|---|
| 008 | 211112b |||||||| |||| 00| 0 eng d | ||
| 020 | |a 9788182677142 | ||
| 082 | |a 954.83 | ||
| 100 | |9 1581567 |a ജോണി, ഒ. കെ. | ||
| 245 | |a വയനാട് രേഖകള്/ |c ഒ.കെ. ജോണി. |h Malayalam. | ||
| 250 | |a 8th ed. | ||
| 260 | |a കോഴിക്കോട് : |b മാതൃഭൂമി, |c 2019. | ||
| 300 | |a 256p. | ||
| 520 | |a എടയ്ക്കല് ഗുഹാചിത്രങ്ങളുടെയും പെരുങ്കല് പരിഷ്കൃതിയുടെയും ജൈനസംസ്കൃതിയുടെയും കാലംമുതല് ഫ്യൂഡല്-കൊളോണിയല് വാഴ്ചക്കാലം വരെയുള്ള വയനാടിനെക്കുറിച്ച്, പുതിയ ചരിത്ര-പുരാവസ്തു ഗവേഷണഫലങ്ങളുടെ വെളിച്ചത്തില് എഴുതപ്പെട്ട പുസ്തകം. പലപ്പോഴും ഒരു പ്രദേശമോ ഒരു കാലഘട്ടമോ മുഴുവനോടെ കൈകാര്യം ചെയ്യേണ്ടിവരുന്ന ഞങ്ങളെപ്പോലുള്ളവര്ക്ക് മിക്കവാറും കഴിയാതെപോകുന്ന ഒരു ധര്മ്മമാണ് വയനാട് രേഖകള് നിര്വഹിക്കുന്നത്. ലോക്കല് ഹിസ്റ്ററിക്ക് കൂടുതല്ക്കൂടുതല് പ്രാധാന്യം വര്ധിച്ചുവരുമ്പോള് ഈ ഗ്രന്ഥം ഒഴിച്ചുകൂടാത്ത ഒന്നായി മാറും. -ഡോ. എം.ആര്. രാഘവവാര്യര് രണ്ടു പ്രധാനകാര്യങ്ങള്ക്ക് ഈ ഗ്രന്ഥകര്ത്താവിനെ അഭിനന്ദിക്കട്ടെ. തദ്ദേശീയമായ ഒട്ടെല്ലാ തെളിവുകളും അവയുടെ വിന്യാസസ്ഥാനങ്ങളും ചൂണ്ടിക്കാണിച്ച് ഒരു പ്രാദേശികസംസ്കാരത്തിന്റെ അപൂര്വമായ ചിത്രം കോറിയിട്ടതാണൊന്ന്. ലഭ്യമായ ആകരവസ്തുക്കള് ക്രമബദ്ധമായും പരസ്പരാശ്രയമായും ഘടിപ്പിച്ച്, ഒരു സംസ്കാര പരിണാമകഥ ഇഴപൊട്ടാതെ മിനഞ്ഞെടുത്തതാണ് രണ്ടാമത്തേത്. -ഡോ. എന്.എം. നമ്പൂതിരി | ||
| 942 | |c BK | ||
| 999 | |c 363433 |d 363433 | ||
| 952 | |0 0 |1 0 |2 ddc |4 0 |6 954_830000000000000_JOH_W |7 0 |9 423271 |a SDE |b SDE |c ST1 |d 2021-11-12 |g 260.00 |i 5371 |l 0 |o 954.83 JOH/W |p SDE5371 |r 2021-11-12 |w 2021-11-12 |y BK | ||